[Event "Aragon-chT Preferente Gr I"]
[Site "Aragon"]
[Date "2022.02.05"]
[Round "2.51"]
[White "Matamoros Villarreal, Antonio"]
[Black "Campana Valencia, Lidia"]
[Result "1-0"]
[WhiteElo "1883"]
[BlackElo "1560"]
[PlyCount "37"]
[EventDate "2022.01.29"]
[EventType "team-tourn"]
[EventRounds "9"]
[EventCountry "ESP"]
[SourceTitle "EXT 2024"]
[Source "ChessBase"]
[SourceDate "2023.10.10"]
[SourceVersion "1"]
[SourceVersionDate "2023.10.10"]
[SourceQuality "1"]
[WhiteTeam "Las Fuentes"]
[BlackTeam "Palacio de Pioneros IV"]
[WhiteTeamCountry "ESP"]
[BlackTeamCountry "ESP"]

1. d4 e6 2. Bf4 d5 3. e3 Bd6 4. c3 Nf6 5. Nd2 0-0 6. Bd3 c5 7. Ngf3 Qc7 8. Ne5 Nfd7 9. Ndf3 Nxe5 10. dxe5 Be7 11. h4 Nc6 12. Bxh7+ Kh8 13. Bc2 c4 14. Ng5 g6 15. h5 Kg8 16. hxg6 Bxg5 17. Rh8+ Kg7 18. Rh7+ Kg8 19. Qh5 1-0

[Event "Salou op U2300 3rd"]
[Site "Salou"]
[Date "2018.04.29"]
[Round "4"]
[White "Sanges Montfort, Joan"]
[Black "Campana Valencia, Lidia"]
[Result "1-0"]
[WhiteElo "1752"]
[BlackElo "1406"]
[PlyCount "97"]
[EventDate "2018.04.28"]
[EventType "swiss"]
[EventRounds "7"]
[EventCountry "ESP"]
[SourceTitle "CBM 184 Extra"]
[Source "ChessBase"]
[SourceDate "2018.06.28"]
[SourceVersion "1"]
[SourceVersionDate "2018.06.28"]
[SourceQuality "1"]

1. d4 d5 2. Nf3 Nf6 3. Bg5 Bf5 4. e3 e6 5. Bd3 Bg4 6. Nbd2 Be7 7. c3 c6 8. 0-0 Nbd7 9. Qc2 Qc7 10. Bf4 Bd6 11. Bxd6 Qxd6 12. e4 dxe4 13. Nxe4 Qf4 14. Qd2 Qxd2 15. Nfxd2 Nxe4 16. Nxe4 Ke7 17. Ng3 e5 18. dxe5 Nxe5 19. Rfe1 Kd6 20. Bf5 g6 21. Bxg4 Nxg4 22. Rad1+ Kc5 23. Rd4 Nh6 24. Re5+ Kb6 25. Rb4+ Ka6 26. Rh4 Nf5 27. Nxf5 gxf5 28. Rxf5 Rad8 29. g3 Rd2 30. Ra4+ Kb6 31. Rb4+ Ka6 32. Rxf7 b5 33. a4 Rd5 34. axb5+ Rxb5 35. Ra4+ Ra5 36. Rxa7+ Kxa7 37. Rxa5+ Kb6 38. b4 h5 39. f4 h4 40. g4 h3 41. Kf2 Rd8 42. Re5 Rd2+ 43. Re2 Rd3 44. Re3 Rd2+ 45. Kg3 Kb5 46. f5 Kc4 47. f6 Rg2+ 48. Kxh3 Rg1 49. Rf3 1-0

[Event "Salou op U2300 3rd"]
[Site "Salou"]
[Date "2018.04.28"]
[Round "2"]
[White "Girona Masdeu, Jordi"]
[Black "Campana Valencia, Lidia"]
[Result "1-0"]
[WhiteElo "1722"]
[BlackElo "1406"]
[PlyCount "113"]
[EventDate "2018.04.28"]
[EventType "swiss"]
[EventRounds "7"]
[EventCountry "ESP"]
[SourceTitle "CBM 184 Extra"]
[Source "ChessBase"]
[SourceDate "2018.06.28"]
[SourceVersion "1"]
[SourceVersionDate "2018.06.28"]
[SourceQuality "1"]

1. e4 e5 2. Nf3 Nc6 3. d4 exd4 4. Bc4 Bb4+ 5. c3 dxc3 6. 0-0 cxb2 7. Bxb2 f6 8. e5 d6 9. Qb3 Nh6 10. exf6 gxf6 11. Qe3+ Ne5 12. Nxe5 fxe5 13. Qxh6 Bf5 14. Nc3 Bxc3 15. Bxc3 Qe7 16. Bd2 Qf8 17. Qxf8+ Rxf8 18. Bg5 Kd7 19. Rad1 Be6 20. Bxe6+ Kxe6 21. Rb1 b6 22. Rfc1 c5 23. Rb3 Rf5 24. Bh4 Rf4 25. Rh3 Rf7 26. Rd1 a6 27. Bg5 Rg7 28. Rh6+ Rg6 29. Rxg6+ hxg6 30. Rd3 c4 31. Rf3 Rc8 32. Rf6+ Kd5 33. Rxg6 c3 34. h4 c2 35. Bc1 e4 36. h5 Re8 37. h6 b5 38. h7 Rh8 39. Rh6 Kc5 40. Bb2 d5 41. g4 d4 42. g5 d3 43. Bc1 Kc4 44. Rc6+ Kd5 45. g6 Kxc6 46. g7 Rxh7 47. g8Q Rd7 48. Qe6+ Rd6 49. Qxe4+ Rd5 50. Bd2 a5 51. f4 Kc5 52. f5 Rd4 53. Qe7+ Kc6 54. f6 Rb4 55. Qxb4 axb4 56. f7 Kd6 57. f8Q+ 1-0